Do you know percy jackson? Quiz Stats

 Plays Quiz not verified by Sporcle

Support Sporcle.
Go Orange.
Score 0/11 Timer 07:00
0 Plays Today
Hints Answer % Correct
Who was the Lightning thief? Luke
95.2%
Common diagnoses of half blood ADHD
88.3%
What is the name of the fury that attacks percy at museum?Mrs. Dodds
85.9%
Who was the god that turned?Ares
84.5%
Who was the quest given to (Sea of monsters)?Clarisse
83.5%
Who is Percy's cyclopes brother?Tyson
83.5%
Why am I doing this? ( The answer is: I am bored) i am bored
71.8%
Who gets blamed for the posioning of Thalia's tree?Chiron
63.9%
Who was left behind in the Underworld?Sally Jackson
63.2%
How did the fleece work it's magic to well?Thalia
56.4%
Why was Grover on Polyphemus island?The Golden Fleece
30.9%

You're not logged in!

Compare scores with friends on all Sporcle quizzes.
OR
Log In

From the Vault

Finish the Famous Family Guy Quote

by lolshortee

Is it "bird"? Is "bird" the word? It's a word, at least.
Remove Ads.
Support Sporcle.
Get the best of Sporcle when you Go Orange. This ad-free experience offers more features, more stats, and more fun while also helping to support Sporcle. Thank you for becoming a member.

Show Comments

Extras

Created Feb 25, 2011ReportNominate
Tags:Percy Jackson Quiz, jackson

Top Quizzes Today


Score Distribution

Your Account Isn't Verified!

In order to create a playlist on Sporcle, you need to verify the email address you used during registration. Go to your Sporcle Settings to finish the process.

Report this User

Report this user for behavior that violates our Community Guidelines.

Details: